|
|
|
|
| LEADER |
00000nam0a2200000 4500 |
| 001 |
376214 |
| 005 |
20231102012812.0 |
| 035 |
|
|
|a (RuTPU)RU\TPU\retro\33654
|
| 035 |
|
|
|a RU\TPU\book\227678
|
| 090 |
|
|
|a 376214
|
| 100 |
|
|
|a 20221221d1964 km y0rusy50 ca
|
| 101 |
0 |
|
|a rus
|
| 102 |
|
|
|a RU
|
| 105 |
|
|
|a a z 001zb
|
| 200 |
1 |
|
|a Федор Александрович Бредихин. 1831-1904
|f Н. И. Невская
|g Академия наук СССР (АН СССР)
|
| 210 |
|
|
|a Москва
|a Ленинград
|c Наука
|d 1964
|
| 215 |
|
|
|a 253 с.
|c ил.
|
| 225 |
1 |
|
|a Научно-биографическая серия
|
| 320 |
|
|
|a Библиогр.: с. 220-245.
|
| 320 |
|
|
|a Список сокращений: с. 246-247.
|
| 320 |
|
|
|a Именной указатель: с. 248-251.
|
| 600 |
|
1 |
|a Бредихин
|b Ф. А.
|c крупнейший астроном XIX в.
|f 1831-1904
|g Федор Александрович
|2 stltpush
|3 (RuTPU)RU\TPU\pers\23524
|9 10259
|
| 610 |
1 |
|
|a астрофизика
|
| 610 |
1 |
|
|a история
|
| 610 |
1 |
|
|a 19 век
|
| 610 |
1 |
|
|a 20 век
|
| 610 |
1 |
|
|a Россия
|
| 610 |
1 |
|
|a кометы
|
| 610 |
1 |
|
|a исследования
|
| 610 |
1 |
|
|a метеорная астрономия
|
| 610 |
1 |
|
|a звезды
|
| 610 |
1 |
|
|a туманности
|
| 610 |
1 |
|
|a Солнце
|
| 610 |
1 |
|
|a планеты
|
| 610 |
1 |
|
|a физическая природа
|
| 610 |
1 |
|
|a изучение
|
| 610 |
1 |
|
|a филология
|
| 610 |
1 |
|
|a стихотворные переводы
|
| 675 |
|
|
|a 52(092)
|v 3
|
| 700 |
|
1 |
|a Невская
|b Н. И.
|g Нина Ивановна
|
| 712 |
0 |
2 |
|a Академия наук СССР (АН СССР)
|2 stltpush
|3 (RuTPU)RU\TPU\col\722
|
| 801 |
|
1 |
|a RU
|b 63413507
|c 20120203
|
| 801 |
|
2 |
|a RU
|b 63413507
|c 20221221
|g RCR
|
| 942 |
|
|
|c BK
|